[Event "Aeroflot Open B 2015"]
[Site "Moscú RUS"]
[Date "2015.03.31"]
[Round "5.19"]
[White "Tologontegin, Semetey"]
[Black "Guliyev, Namig"]
[Result "1-0"]
[WhiteElo "2399"]
[BlackElo "2539"]
[PlyCount "117"]
[EventDate "2015.03.27"]
[EventType "swiss"]
[EventRounds "9"]
[EventCountry "RUS"]
[Source "lmi"]
[SourceDate "2015.03.27"]

1. d4 d5 2. Bf4 Nf6 3. e3 e6 4. Nd2 Bd6 5. Bg3 O-O 6. Bd3 b6 7. Ngf3 Bb7 8. Ne5
Ne4 9. Qh5 Nd7 10. f3 Ndf6 11. Qh3 Ng5 12. Qh4 h6 13. Bf4 Bxe5 14. dxe5 Nd7 15.
Qh5 f5 16. h4 Nf7 17. Qg6 Qe7 18. Qg3 Nc5 19. Be2 a5 20. Qh2 Rfd8 21. g4 d4 22.
Rg1 dxe3 23. Bxe3 Rd5 24. f4 fxg4 25. Rxg4 h5 26. Rg1 Nh6 27. O-O-O Nf5 28. Bf2
a4 29. a3 Rad8 30. Bxh5 b5 31. Bg6 Ne4 32. Bxf5 exf5 33. Nxe4 Rxd1+ 34. Rxd1
Rxd1+ 35. Kxd1 Bxe4 36. Qg1 Qe6 37. Bd4 Qc4 38. Qf2 Qa2 39. Kc1 Qa1+ 40. Kd2
Qb1 41. Kc3 Qa2 42. Qe2 Qd5 43. Be3 c6 44. Kb4 Qd8 45. h5 Qe7+ 46. Bc5 Qh4 47.
e6 Qxf4 48. e7 Kf7 49. c4 Qf3 50. Qd2 bxc4 51. Ka5 Qb3 52. Bb4 c3 53. Qd8 Qd5+
54. Kb6 Qxd8+ 55. exd8=Q cxb2 56. Qe7+ Kg8 57. Qe8+ Kh7 58. Qg6+ Kh8 59. h6 1-0

[Event "Aeroflot Open B 2015"]
[Site "Moscú RUS"]
[Date "2015.03.31"]
[Round "5.20"]
[White "Litvinov, Maxim"]
[Black "Kharchenko, Boris"]
[Result "0-1"]
[WhiteElo "2389"]
[BlackElo "2514"]
[PlyCount "108"]
[EventDate "2015.03.27"]
[EventType "swiss"]
[EventRounds "9"]
[EventCountry "RUS"]
[Source "lmi"]
[SourceDate "2015.03.27"]

1. e4 e5 2. Nf3 Nc6 3. Bb5 a6 4. Ba4 Nf6 5. O-O Be7 6. Re1 b5 7. Bb3 d6 8. c3
O-O 9. h3 Na5 10. Bc2 c5 11. d4 Qc7 12. Nbd2 cxd4 13. cxd4 Nc6 14. Nb3 a5 15.
Be3 a4 16. Nbd2 Bd7 17. Rc1 Qb7 18. Qe2 Rfe8 19. Bb1 h6 20. Nf1 a3 21. b3 Bf8
22. Ng3 Rac8 23. d5 Nb8 24. b4 Na6 25. Bd2 Be7 26. Qd3 Ra8 27. Nh4 Kh7 28. Nhf5
Bf8 29. Qxa3 g6 30. Nh4 Rec8 31. Qe3 Be8 32. a3 Rxc1 33. Rxc1 Nb8 34. f4 Nbd7
35. f5 Nb6 36. Ba2 Nfd7 37. fxg6+ fxg6 38. Rf1 Nc4 39. Bxc4 bxc4 40. Nf3 Qb6
41. Qxb6 Nxb6 42. Ng5+ hxg5 43. Rxf8 Rxa3 44. Rxe8 Rxg3 45. Re7+ Kg8 46. Rc7 g4
47. hxg4 Rxg4 48. Rc6 c3 49. Bxc3 Na4 50. Bd2 Rxe4 51. Rxd6 Rd4 52. Be1 Kf7 53.
Kf2 Nb2 54. Bc3 Nd1+ 0-1

[Event "Aeroflot Open B 2015"]
[Site "Moscú RUS"]
[Date "2015.03.31"]
[Round "5.21"]
[White "Petrosian, Davit G"]
[Black "Papin, Vasily"]
[Result "1-0"]
[WhiteElo "2382"]
[BlackElo "2501"]
[PlyCount "95"]
[EventDate "2015.03.27"]
[EventType "swiss"]
[EventRounds "9"]
[EventCountry "RUS"]
[Source "lmi"]
[SourceDate "2015.03.27"]

1. e4 c5 2. Nf3 e6 3. Nc3 a6 4. d4 cxd4 5. Nxd4 b5 6. Bd3 Qb6 7. Be3 Bc5 8.
Nce2 Nf6 9. c3 Ng4 10. Bc1 e5 11. O-O exd4 12. cxd4 Be7 13. Nf4 d6 14. h3 Nh6
15. Nd5 Qd8 16. Bxh6 gxh6 17. Qc1 Bb7 18. Nc7+ Kd7 19. Nxa8 Bxa8 20. Qxh6 Nc6
21. d5 Ne5 22. Qe3 Nxd3 23. Qxd3 Bf6 24. Rac1 Qb6 25. Qf3 Ke7 26. Rc2 Rd8 27.
Rfc1 Rd7 28. b4 Bb7 29. Qg4 h6 30. h4 Qd8 31. Qf4 Bg7 32. g4 Kf8 33. g5 hxg5
34. hxg5 Kg8 35. Qf5 Bf8 36. Kg2 Qe7 37. f4 Qd8 38. Kf3 Bg7 39. Kg3 Bf8 40. Rh1
Bg7 41. Rch2 Rc7 42. Rh8+ Bxh8 43. Qh7+ Kf8 44. Qxh8+ Ke7 45. Qf6+ Kd7 46. Qf5+
Ke7 47. Rh7 Qg8 48. Qf6+ 1-0

[Event "Aeroflot Open B 2015"]
[Site "Moscú RUS"]
[Date "2015.03.31"]
[Round "5.22"]
[White "Golubov, Saveliy"]
[Black "Pavlov, Sergey"]
[Result "1/2-1/2"]
[WhiteElo "2362"]
[BlackElo "2490"]
[PlyCount "75"]
[EventDate "2015.03.27"]
[EventType "swiss"]
[EventRounds "9"]
[EventCountry "RUS"]
[Source "lmi"]
[SourceDate "2015.03.27"]

1. e4 c5 2. Nf3 d6 3. d4 cxd4 4. Nxd4 Nf6 5. Nc3 a6 6. h3 e5 7. Nb3 Be6 8. f4
b5 9. Qf3 Nc6 10. Be3 exf4 11. Bxf4 Ne5 12. Qe3 Qc7 13. O-O-O Rc8 14. a3 g6 15.
Nd4 Bg7 16. Nxe6 fxe6 17. Qd2 O-O 18. Qxd6 Qxd6 19. Rxd6 Nh5 20. Bh2 Bh6+ 21.
Kb1 Bf4 22. Bxf4 Rxf4 23. Rxe6 Ng3 24. Rg1 Nxf1 25. Rxe5 Rf2 26. Rd5 Ne3 27.
Rd3 Nxg2 28. e5 Nf4 29. Re3 Rh2 30. Rf1 Rxh3 31. Rxh3 Nxh3 32. Nd5 Kg7 33. e6
Ng5 34. e7 Re8 35. Re1 Kf7 36. Rf1+ Kg7 37. Re1 Kf7 38. Rf1+ 1/2-1/2

[Event "Aeroflot Open B 2015"]
[Site "Moscú RUS"]
[Date "2015.03.31"]
[Round "5.23"]
[White "Hayrapetyan, Hovik"]
[Black "Mammadzada, Gunay"]
[Result "1-0"]
[WhiteElo "2465"]
[BlackElo "2336"]
[PlyCount "95"]
[EventDate "2015.03.27"]
[EventType "swiss"]
[EventRounds "9"]
[EventCountry "RUS"]
[Source "lmi"]
[SourceDate "2015.03.27"]

1. d4 d5 2. Nf3 Nf6 3. c4 c6 4. e3 Bf5 5. cxd5 cxd5 6. Qb3 Qc7 7. Nc3 e6 8. Bd2
Nc6 9. Nh4 Be4 10. f3 Bg6 11. Be2 a6 12. Rc1 Bd6 13. f4 Ne4 14. Nxg6 Nxd2 15.
Kxd2 hxg6 16. g3 Ke7 17. Bd3 Rab8 18. Ke2 Rh3 19. Kf2 g5 20. Kg2 Rbh8 21. Rce1
gxf4 22. exf4 Kf8 23. Ne2 Na5 24. Qc2 Qxc2 25. Bxc2 Nc4 26. Ng1 R3h6 27. b3 Bb4
28. Re2 Nd2 29. a3 Bc3 30. h4 f5 31. Nh3 Ne4 32. Bxe4 fxe4 33. Rc1 Ba5 34. f5
exf5 35. Rc5 Bb6 36. Rxd5 Rf6 37. Nf4 Ke7 38. Re5+ Kf7 39. Nd5 Bxd4 40. Re7+
Kf8 41. Rxb7 Rd6 42. Ne7 Rh5 43. Rc2 Rb6 44. Ng6+ Kg8 45. Rc8+ Kh7 46. Nf8+ Kh6
47. Rxb6+ Bxb6 48. Rc6+ 1-0

[Event "Aeroflot Open B 2015"]
[Site "Moscú RUS"]
[Date "2015.03.31"]
[Round "5.24"]
[White "Salman, Pavel"]
[Black "Krapivin, Alexander"]
[Result "0-1"]
[WhiteElo "2288"]
[BlackElo "2436"]
[PlyCount "164"]
[EventDate "2015.03.27"]
[EventType "swiss"]
[EventRounds "9"]
[EventCountry "RUS"]
[Source "lmi"]
[SourceDate "2015.03.27"]

1. d4 Nf6 2. c4 b6 3. f3 d6 4. Nc3 Nbd7 5. e4 e5 6. Be3 g6 7. Nh3 Bg7 8. Be2
O-O 9. O-O Qe7 10. Qd2 c6 11. d5 c5 12. a3 Kh8 13. Bg5 Rg8 14. Nf2 Qf8 15. Nd3
h6 16. Be3 Kh7 17. b4 Qe7 18. Rab1 Ne8 19. a4 a5 20. bxc5 bxc5 21. Nb5 f5 22.
Nc1 Bf6 23. Nb3 Bg5 24. Bxg5 Qxg5 25. Qc3 Qd8 26. exf5 gxf5 27. f4 exf4 28.
Rxf4 Ne5 29. Rbf1 Ng7 30. Kh1 Ng6 31. R4f2 f4 32. Bd3 Bf5 33. Nd2 Re8 34. Qc2
Bxd3 35. Qxd3 Re3 36. Qc2 Nh5 37. Qf5 Re5 38. Qf7+ Ng7 39. Nf3 Rf5 40. Qc7 Rf6
41. Nd2 Qxc7 42. Nxc7 Rd8 43. Ne4 Rf7 44. Ne6 Nxe6 45. dxe6 Re7 46. Nf6+ Kh8
47. Nd5 Rxe6 48. Nxf4 Nxf4 49. Rxf4 Rd7 50. h3 Kg7 51. Rb1 Rf7 52. Rg4+ Kf6 53.
Rf4+ Kg6 54. Rg4+ Kh7 55. Rb6 Rg7 56. Rxg7+ Kxg7 57. Ra6 Kf6 58. Rxa5 Re4 59.
Ra8 Rxc4 60. a5 Ra4 61. a6 Ke5 62. a7 Kd4 63. Rd8 Rxa7 64. Rxd6+ Ke4 65. Rxh6
Rc7 66. Re6+ Kd3 67. Rd6+ Ke3 68. Re6+ Kd2 69. Rd6+ Kc1 70. g4 c4 71. Rf6 c3
72. Kg2 c2 73. Rf2 Kd1 74. Kg3 Rc3+ 75. Kh4 c1=Q 76. Rf1+ Ke2 77. Rxc1 Rxc1 78.
Kh5 Kf3 79. h4 Kf4 80. g5 Rc6 81. g6 Kf5 82. g7 Rg6 0-1

[Event "Aeroflot Open B 2015"]
[Site "Moscú RUS"]
[Date "2015.03.31"]
[Round "5.25"]
[White "Gevorgyan, David"]
[Black "Byambaa, Zulzaga"]
[Result "1-0"]
[WhiteElo "2386"]
[BlackElo "2286"]
[PlyCount "79"]
[EventDate "2015.03.27"]
[EventType "swiss"]
[EventRounds "9"]
[EventCountry "RUS"]
[Source "lmi"]
[SourceDate "2015.03.27"]

1. e4 c6 2. d4 g6 3. Be3 d5 4. e5 Nh6 5. Nf3 Bg4 6. Bd3 Nf5 7. h3 Nxe3 8. fxe3
Bc8 9. c4 Bh6 10. Qe2 O-O 11. Nc3 Kg7 12. g4 f6 13. O-O-O Be6 14. Bc2 Nd7 15.
Rhg1 Nb6 16. h4 Kh8 17. g5 Bg7 18. h5 gxh5 19. gxf6 exf6 20. Qd3 f5 21. Ng5 Bg8
22. Qe2 Qe8 23. Rh1 Nxc4 24. Rxh5 h6 25. Rdh1 Qg6 26. R1h3 Bh7 27. Qh2 hxg5 28.
Rxh7+ Kg8 29. R3h6 Bxh6 30. Rxh6 Qg7 31. Qh5 Nxe3 32. Rg6 Rf7 33. Qxg5 Nxc2 34.
Kxc2 Raf8 35. Ne2 Qxg6 36. Qxg6+ Rg7 37. Qe6+ Kh7 38. Nf4 Rff7 39. Qe8 a6 40.
e6 1-0

[Event "Aeroflot Open B 2015"]
[Site "Moscú RUS"]
[Date "2015.03.31"]
[Round "5.26"]
[White "Lorparizangeneh, Shahin"]
[Black "Gavrilov, Alexei"]
[Result "1-0"]
[WhiteElo "2319"]
[BlackElo "2485"]
[PlyCount "81"]
[EventDate "2015.03.27"]
[EventType "swiss"]
[EventRounds "9"]
[EventCountry "RUS"]
[Source "lmi"]
[SourceDate "2015.03.27"]

1. d4 d5 2. c4 e6 3. Nc3 Be7 4. cxd5 exd5 5. Bf4 Nf6 6. e3 Bf5 7. Qb3 Nc6 8. g4
Nxg4 9. Qxd5 Qxd5 10. Nxd5 Bb4+ 11. Nxb4 Nxb4 12. Rc1 c6 13. a3 Nd5 14. h3 Nxf4
15. hxg4 Nd3+ 16. Bxd3 Bxd3 17. Kd2 Bg6 18. Ne2 f6 19. Ng3 Rd8 20. b4 O-O 21.
f4 Rfe8 22. f5 Bf7 23. Kd3 b5 24. e4 Bc4+ 25. Kc3 Ra8 26. a4 a5 27. Ra1 Bf7 28.
axb5 cxb5 29. Rxa5 Rac8+ 30. Kd3 Bb3 31. Re1 Ba4 32. e5 fxe5 33. Rxe5 Red8 34.
Rc5 Bd1 35. g5 Rxc5 36. bxc5 b4 37. Rb5 b3 38. c6 Kf7 39. Rb7+ Ke8 40. Ne4 Bc2+
41. Ke3 1-0

[Event "Aeroflot Open B 2015"]
[Site "Moscú RUS"]
[Date "2015.03.31"]
[Round "5.27"]
[White "Vojinovic, Jovana"]
[Black "Firat, Burak"]
[Result "0-1"]
[WhiteElo "2284"]
[BlackElo "2478"]
[PlyCount "74"]
[EventDate "2015.03.27"]
[EventType "swiss"]
[EventRounds "9"]
[EventCountry "RUS"]
[Source "lmi"]
[SourceDate "2015.03.27"]

1. Nf3 Nf6 2. c4 c6 3. Nc3 d5 4. e3 g6 5. b3 Bg7 6. Bb2 O-O 7. Be2 dxc4 8. bxc4
c5 9. O-O Nc6 10. d3 b6 11. Rb1 Bb7 12. Ne1 e6 13. f4 Qe7 14. Bf3 Rad8 15. Qe2
Ne8 16. g4 Nd6 17. a3 f5 18. g5 e5 19. Bd5+ Kh8 20. Qf3 e4 21. dxe4 fxe4 22.
Qe2 Na5 23. Ng2 Ba6 24. Nh4 Bxc4 25. Nxg6+ hxg6 26. Qg4 Rf7 27. Rfd1 Bd3 28. h4
Nf5 29. Re1 Nc4 30. h5 Ncxe3 31. Qh3 Nxd5 32. hxg6+ Kg8 33. Nxe4 Bxe4 34. Qh7+
Kf8 35. gxf7 Qxf7 36. Bxg7+ Qxg7 37. Qxg7+ Kxg7 0-1

[Event "Aeroflot Open B 2015"]
[Site "Moscú RUS"]
[Date "2015.03.31"]
[Round "5.28"]
[White "Kulkarni, Rakesh"]
[Black "Dvalishvili, Pavel S"]
[Result "0-1"]
[WhiteElo "2282"]
[BlackElo "2439"]
[PlyCount "86"]
[EventDate "2015.03.27"]
[EventType "swiss"]
[EventRounds "9"]
[EventCountry "RUS"]
[Source "lmi"]
[SourceDate "2015.03.27"]

1. e4 c5 2. c3 e6 3. d4 d5 4. exd5 exd5 5. Nf3 Nc6 6. Be3 c4 7. b3 cxb3 8. axb3
Bd6 9. h3 Nge7 10. Be2 O-O 11. O-O Re8 12. c4 Nf5 13. Bg5 f6 14. Bc1 Ncxd4 15.
Nxd4 Nxd4 16. Bh5 g6 17. Bb2 Nf5 18. Bf3 dxc4 19. bxc4 Kg7 20. Na3 Bc5 21. Nb5
Qb6 22. Bc3 a5 23. Rb1 Bb4 24. Bxb4 axb4 25. Rxb4 Qc5 26. Qd2 Re7 27. Rfb1 Ra6
28. Nc3 Rd6 29. Bd5 Rd8 30. Na4 Qc7 31. Qb2 Rde8 32. Qc3 Nd4 33. Bf3 Nxf3+ 34.
gxf3 Qf4 35. c5 Qg5+ 36. Kh2 Re2 37. Rf1 R8e3 38. h4 Qf5 39. Nb6 Qxf3 40. Qxe3
Qxe3 41. Nxc8 Rxf2+ 42. Rxf2 Qxf2+ 43. Kh3 Qe3+ 0-1

[Event "Aeroflot Open B 2015"]
[Site "Moscú RUS"]
[Date "2015.03.31"]
[Round "5.29"]
[White "Tomashevskaya, Lidia"]
[Black "Palit, Somak"]
[Result "1/2-1/2"]
[WhiteElo "2232"]
[BlackElo "2415"]
[PlyCount "110"]
[EventDate "2015.03.27"]
[EventType "swiss"]
[EventRounds "9"]
[EventCountry "RUS"]
[Source "lmi"]
[SourceDate "2015.03.27"]

1. e4 b6 2. d4 Bb7 3. Nc3 e6 4. Bd3 d6 5. Nf3 Nd7 6. O-O g6 7. Bg5 Ne7 8. Qd2
Bg7 9. Bh6 O-O 10. Bxg7 Kxg7 11. Qe2 a6 12. Rad1 c5 13. dxc5 bxc5 14. Rd2 Qc7
15. Rfd1 Nb6 16. b3 Rfe8 17. Qe3 d5 18. exd5 exd5 19. Qg5 f6 20. Qh4 d4 21. Ne4
Bxe4 22. Bxe4 Rad8 23. b4 Nc4 24. Re2 cxb4 25. Nxd4 Qb6 26. Bf3 Ne5 27. Ree1
Rd6 28. Nb3 Nxf3+ 29. gxf3 Nf5 30. Qc4 Rxe1+ 31. Rxe1 Qc6 32. Re4 Rd1+ 33. Kg2
Qxc4 34. Rxc4 g5 35. f4 g4 36. h3 h5 37. hxg4 hxg4 38. Rxb4 Kg6 39. f3 Nh4+ 40.
Kg3 Rg1+ 41. Kxh4 gxf3 42. Nd2 f2 43. c4 Rd1 44. Nf1 Rxf1 45. Kg3 Ra1 46. Kxf2
Rxa2+ 47. Ke3 Kf5 48. c5 Rc2 49. Kd4 Rd2+ 50. Kc3 Rd1 51. Ra4 Rc1+ 52. Kd4 Rd1+
53. Kc3 Rc1+ 54. Kd4 Rd1+ 55. Kc3 Rc1+ 1/2-1/2

[Event "Aeroflot Open B 2015"]
[Site "Moscú RUS"]
[Date "2015.03.31"]
[Round "5.30"]
[White "Vuilleumier, Alexandre"]
[Black "Hakobyan, Aram"]
[Result "1-0"]
[WhiteElo "2349"]
[BlackElo "2283"]
[PlyCount "98"]
[EventDate "2015.03.27"]
[EventType "swiss"]
[EventRounds "9"]
[EventCountry "RUS"]
[Source "lmi"]
[SourceDate "2015.03.27"]

1. e4 c5 2. Nf3 Nc6 3. Bb5 e6 4. O-O Nge7 5. Re1 a6 6. Bf1 d5 7. exd5 Qxd5 8.
Na3 Nf5 9. Nc4 Qd8 10. a4 a5 11. d3 Be7 12. h3 O-O 13. Bf4 b6 14. c3 Nd6 15.
Qb3 Nxc4 16. dxc4 f6 17. Rad1 Qe8 18. Bd6 Ra6 19. Qb5 e5 20. Bxe7 Nxe7 21. Rd6
Bb7 22. Rxb6 Rxb6 23. Qxb6 Bxf3 24. gxf3 Qc8 25. Rd1 Ng6 26. b4 axb4 27. cxb4
cxb4 28. c5 Nh4 29. c6 Nxf3+ 30. Kh1 Nd4 31. Bg2 b3 32. a5 Kh8 33. a6 f5 34. f4
b2 35. c7 Qe8 36. Qxb2 Ne6 37. Qxe5 Qa4 38. Ra1 Qc4 39. Bd5 Qd3 40. Qxe6 Qxh3+
41. Kg1 Qc3 42. Qe5 Qc5+ 43. Kf1 Qb5+ 44. Kf2 Qc5+ 45. Kf3 Qb5 46. a7 Qd3+ 47.
Kf2 Qc2+ 48. Kg1 Qc5+ 49. Kh1 Qf2 1-0

[Event "Aeroflot Open B 2015"]
[Site "Moscú RUS"]
[Date "2015.03.31"]
[Round "5.31"]
[White "Demianjuk, Alexander"]
[Black "Ruecker, Benjamin"]
[Result "1-0"]
[WhiteElo "2340"]
[BlackElo "2269"]
[PlyCount "105"]
[EventDate "2015.03.27"]
[EventType "swiss"]
[EventRounds "9"]
[EventCountry "RUS"]
[Source "lmi"]
[SourceDate "2015.03.27"]

1. d4 g6 2. c4 Bg7 3. Nc3 Nf6 4. e4 d6 5. Nf3 O-O 6. Be2 e5 7. O-O Nc6 8. d5
Ne7 9. b4 Nh5 10. g3 f5 11. Ng5 Nf6 12. Bf3 c6 13. Ba3 h6 14. Ne6 Bxe6 15. dxe6
fxe4 16. Nxe4 Nxe4 17. Bxe4 d5 18. cxd5 cxd5 19. b5 dxe4 20. Qxd8 Rfxd8 21.
Bxe7 Re8 22. Bc5 Rxe6 23. Rfd1 Bf8 24. Be3 a6 25. b6 Rc8 26. Rac1 Rxc1 27. Rxc1
g5 28. Rc8 Re7 29. Bc5 Rf7 30. Rb8 e3 31. fxe3 e4 32. Bxf8 Rxf8 33. Rxb7 Rf6
34. a4 a5 35. g4 Kf8 36. Kg2 Ke8 37. h4 gxh4 38. Kh3 Kd8 39. Kxh4 Rg6 40. Kh5
Rg5+ 41. Kxh6 Rxg4 42. Rg7 Rxg7 43. Kxg7 Kc8 44. Kf6 Kb7 45. Ke5 Kxb6 46. Kxe4
Kc5 47. Kf5 Kb4 48. e4 Kxa4 49. e5 Kb3 50. e6 a4 51. e7 a3 52. e8=Q a2 53. Qe5
1-0

[Event "Aeroflot Open B 2015"]
[Site "Moscú RUS"]
[Date "2015.03.31"]
[Round "5.32"]
[White "Derakhshani, Dorsa"]
[Black "Pustovoitova, Daria"]
[Result "0-1"]
[WhiteElo "2169"]
[BlackElo "2339"]
[PlyCount "64"]
[EventDate "2015.03.27"]
[EventType "swiss"]
[EventRounds "9"]
[EventCountry "RUS"]
[Source "lmi"]
[SourceDate "2015.03.27"]

1. e4 c5 2. Nf3 d6 3. d4 cxd4 4. Nxd4 Nf6 5. Nc3 a6 6. Be3 e6 7. Be2 Be7 8. O-O
O-O 9. f4 Qc7 10. Qe1 b5 11. Bf3 Bb7 12. e5 Ne8 13. Qg3 Nd7 14. Qh3 Bxf3 15.
Rxf3 Kh8 16. Raf1 Qb7 17. Qh5 g6 18. Qh6 Rg8 19. Rh3 Rg7 20. Nf3 b4 21. Nd1 Qe4
22. Kh1 Qxc2 23. Bd4 dxe5 24. Bxe5 f6 25. Nd4 Qc4 26. Ne3 Qxa2 27. b3 Nc5 28.
Nc6 Bf8 29. Ra1 Qe2 30. Nd4 Qb2 31. Nec2 fxe5 32. fxe5 Rf7 0-1

[Event "Aeroflot Open B 2015"]
[Site "Moscú RUS"]
[Date "2015.03.31"]
[Round "5.33"]
[White "Savenkov, Konstantin"]
[Black "Kazimova, Narmin"]
[Result "1/2-1/2"]
[WhiteElo "2331"]
[BlackElo "2262"]
[PlyCount "139"]
[EventDate "2015.03.27"]
[EventType "swiss"]
[EventRounds "9"]
[EventCountry "RUS"]
[Source "lmi"]
[SourceDate "2015.03.27"]

1. e4 c5 2. Nc3 Nc6 3. g3 g6 4. Bg2 Bg7 5. Nge2 e6 6. d3 d6 7. Be3 Nd4 8. O-O
Ne7 9. Rb1 Rb8 10. a3 O-O 11. b4 b5 12. f4 cxb4 13. axb4 Nec6 14. Qd2 Qc7 15.
Kh1 Bd7 16. g4 a5 17. f5 axb4 18. Nxd4 bxc3 19. Qf2 exf5 20. exf5 Bxd4 21. Bxd4
Nxd4 22. Qxd4 Bc6 23. f6 Qb7 24. Rf2 Bxg2+ 25. Rxg2 Rfe8 26. Qxd6 Re6 27. Qf4
Rbe8 28. Rbg1 Qc6 29. Rf1 Re2 30. Qf3 Qxf3 31. Rxf3 h6 32. h4 b4 33. Rff2 Rxf2
34. Rxf2 Re1+ 35. Kg2 Kh7 36. Kf3 Rh1 37. Kg3 g5 38. h5 Rb1 39. Re2 Rf1 40. d4
Rxf6 41. Re7 Rf4 42. d5 Kg7 43. Rb7 Kf6 44. Rb6+ Kg7 45. d6 Rd4 46. Kf3 Rd2 47.
Rxb4 Rxc2 48. d7 Rd2 49. Rc4 Rxd7 50. Rxc3 Rd4 51. Rc7 Rd3+ 52. Kg2 Re3 53. Ra7
Kf6 54. Ra6+ Re6 55. Ra5 Rd6 56. Kf3 Rd3+ 57. Kg2 Ke6 58. Ra6+ Rd6 59. Ra5 f6
60. Kg3 Rd3+ 61. Kg2 Rd5 62. Ra6+ Ke5 63. Kf3 Rd3+ 64. Kg2 Rd6 65. Ra5+ Ke4 66.
Rf5 Re6 67. Kg3 Kd4 68. Kf3 Re3+ 69. Kf2 Re6 70. Kf3 1/2-1/2

[Event "Aeroflot Open B 2015"]
[Site "Moscú RUS"]
[Date "2015.03.31"]
[Round "5.34"]
[White "Mammadova, Gulnar"]
[Black "Gurvich, Vitaly"]
[Result "1/2-1/2"]
[WhiteElo "2314"]
[BlackElo "2247"]
[PlyCount "87"]
[EventDate "2015.03.27"]
[EventType "swiss"]
[EventRounds "9"]
[EventCountry "RUS"]
[Source "lmi"]
[SourceDate "2015.03.27"]

1. e4 c5 2. Nc3 d6 3. f4 Nc6 4. Nf3 g6 5. g3 Bg7 6. Bg2 e5 7. d3 Nge7 8. O-O
exf4 9. Bxf4 O-O 10. Qd2 Nd4 11. Bg5 Be6 12. Nxd4 Bxd4+ 13. Kh1 Qd7 14. Nd1 Bg7
15. c3 Nc6 16. Bf6 Bxf6 17. Rxf6 Qd8 18. Rf1 d5 19. Nf2 Qd6 20. Rae1 Rad8 21.
Qh6 f6 22. Kg1 d4 23. e5 Nxe5 24. Ne4 Qe7 25. Nxf6+ Rxf6 26. Rxe5 Rxf1+ 27.
Bxf1 dxc3 28. bxc3 Qf6 29. Qe3 Bxa2 30. Qxc5 Bf7 31. Re4 Bd5 32. Rf4 Qc6 33.
Qd4 Qc7 34. Qf6 Re8 35. c4 Bf7 36. Qd4 b6 37. Qf2 Be6 38. h4 Qe7 39. Re4 Qf7
40. Rf4 Qe7 41. d4 Bf5 42. g4 Be4 43. c5 Bd5 44. Bg2 1/2-1/2

[Event "Aeroflot Open B 2015"]
[Site "Moscú RUS"]
[Date "2015.03.31"]
[Round "5.35"]
[White "Korchmar, Vasiliy"]
[Black "Zilbert, Oleg"]
[Result "1-0"]
[WhiteElo "2405"]
[BlackElo "2250"]
[PlyCount "98"]
[EventDate "2015.03.27"]
[EventType "swiss"]
[EventRounds "9"]
[EventCountry "RUS"]
[Source "lmi"]
[SourceDate "2015.03.27"]

1. d4 g6 2. e4 Bg7 3. Nc3 c6 4. Be3 d5 5. e5 Nh6 6. Qd2 Nf5 7. Bf4 h5 8. O-O-O
Qa5 9. Kb1 b5 10. Nf3 e6 11. Bd3 b4 12. Ne2 Ba6 13. Nc1 Bxd3 14. Nxd3 Na6 15.
h3 Rb8 16. g4 Ne7 17. Bg5 Ng8 18. Qe3 Bh6 19. Bxh6 Rxh6 20. Ng5 Rh8 21. f4 Ne7
22. Rhf1 c5 23. dxc5 Nc7 24. f5 gxf5 25. gxf5 Nxf5 26. Rxf5 exf5 27. Qf4 Ne6
28. Qxf5 Nxg5 29. Qxg5 Qd8 30. Qg7 Rf8 31. Nf4 Qh4 32. Nxd5 Rd8 33. Qh6 Rg8 34.
b3 Qg5 35. Qh7 Qg6 36. Qxg8+ Qxg8 37. Nf6+ Ke7 38. Nxg8+ Rxg8 39. Rd4 a5 40. c6
Ke6 41. Rf4 Rf8 42. c7 Rc8 43. Rf6+ Ke7 44. Ra6 Rxc7 45. Rxa5 Rc3 46. Rb5 Rxh3
47. Rxb4 Ke6 48. a4 Re3 49. a5 Rxe5 1-0

[Event "Aeroflot Open B 2015"]
[Site "Moscú RUS"]
[Date "2015.03.31"]
[Round "5.36"]
[White "Zherebtsova, Alexandra"]
[Black "Kanter, Eduard"]
[Result "1/2-1/2"]
[WhiteElo "2184"]
[BlackElo "2349"]
[PlyCount "166"]
[EventDate "2015.03.27"]
[EventType "swiss"]
[EventRounds "9"]
[EventCountry "RUS"]
[Source "lmi"]
[SourceDate "2015.03.27"]

1. d4 Nf6 2. Nf3 g6 3. Bf4 Bg7 4. h3 O-O 5. e3 d6 6. Be2 Nbd7 7. O-O Qe8 8. Bh2
e5 9. Na3 exd4 10. exd4 b6 11. Nb5 Qd8 12. Re1 a6 13. Nc3 b5 14. a4 b4 15. Na2
a5 16. c3 bxc3 17. Nxc3 Nb6 18. Nb5 Nfd5 19. Nd2 Bd7 20. Ne4 Re8 21. Bf3 Rb8
22. b3 f5 23. Nec3 Nxc3 24. Rxe8+ Bxe8 25. Nxc3 Qf6 26. Ne2 Bf7 27. Qc2 c5 28.
Rb1 Rc8 29. Qd2 cxd4 30. Qxa5 Nd7 31. Qb5 Nc5 32. a5 d3 33. Nf4 d2 34. a6 Nxa6
35. Rd1 Nc5 36. Rxd2 Nxb3 37. Rd1 Nd4 38. Qb7 Nxf3+ 39. Qxf3 Re8 40. Bg3 Re4
41. Qa3 g5 42. Nd3 f4 43. f3 Re2 44. Bf2 Ra2 45. Qb4 h6 46. Ne1 Bf8 47. h4 Qe6
48. Qb5 Qb3 49. Qxb3 Bxb3 50. Rb1 Bc4 51. hxg5 hxg5 52. g3 fxg3 53. Bxg3 d5 54.
Bf2 Kf7 55. Rd1 Ke6 56. Be3 Kf5 57. Ng2 Bg7 58. Bf2 Ra1 59. Ne3+ Kf4 60. Rxa1
Bxa1 61. Kg2 Bb3 62. Nf1 d4 63. Bg3+ Kf5 64. Nd2 Bd5 65. Kf2 Bc3 66. Ke2 Bc6
67. Kd3 Bb5+ 68. Kc2 Be2 69. Ne4 Bb4 70. Nd2 d3+ 71. Kc1 Bc5 72. Kb2 Ke6 73.
Kb3 Kd5 74. Be1 Bd4 75. Ne4 Bd1+ 76. Kb4 Be3 77. Nc3+ Ke5 78. Nxd1 Kf4 79. Nxe3
Kxe3 80. Kc3 Kxf3 81. Kxd3 g4 82. Bh4 g3 83. Bxg3 Kxg3 1/2-1/2

[Event "Aeroflot Open B 2015"]
[Site "Moscú RUS"]
[Date "2015.03.31"]
[Round "5.37"]
[White "Yeletsky, Ivan"]
[Black "Nazarenus, Moritz"]
[Result "0-1"]
[WhiteElo "2312"]
[BlackElo "2217"]
[PlyCount "156"]
[EventDate "2015.03.27"]
[EventType "swiss"]
[EventRounds "9"]
[EventCountry "RUS"]
[Source "lmi"]
[SourceDate "2015.03.27"]

1. e4 c6 2. d4 d5 3. e5 Bf5 4. h4 h6 5. g4 Bd7 6. h5 e6 7. f4 c5 8. c3 Qb6 9.
Nf3 Na6 10. Rh2 Ne7 11. Be3 Nc6 12. Rc2 Be7 13. Nbd2 cxd4 14. cxd4 f6 15. Bd3
fxe5 16. Bg6+ Kd8 17. fxe5 Rf8 18. a3 Rc8 19. Rac1 Kc7 20. Kf2 Kb8 21. Kg3 Nc7
22. Qe2 a5 23. Bd3 Na7 24. Nb1 Ba4 25. Rd2 Nc6 26. Nc3 Bb3 27. Bc2 Bc4 28. Bd3
Bb3 29. Bc2 Bc4 30. Qe1 Rxf3+ 31. Kxf3 Rf8+ 32. Kg2 Rf1 33. Qxf1 Bxf1+ 34. Rxf1
Qxb2 35. Nb1 Bxa3 36. Rf7 Bb4 37. Rdf2 Be1 38. Re2 Bh4 39. Rxg7 Nxd4 40. Rg8+
Ne8 41. Rxe8+ Kc7 42. Bxd4 Qxd4 43. Kh3 Kd7 44. Rb8 Kc7 45. Rg8 Bf2 46. Rg7+
Kb8 47. Rf7 Be3 48. Rf3 Bg5 49. Re1 b5 50. Nc3 Qd2 51. Re2 Qc1 52. Kg2 b4 53.
Rf8+ Ka7 54. Nb5+ Kb6 55. Rb8+ Ka6 56. Nd6 Qf4 57. Bd3+ Ka7 58. Rb7+ Ka8 59.
Ra2 Qxg4+ 60. Kf1 Qf3+ 61. Ke1 Qe3+ 62. Be2 Qg1+ 63. Bf1 Qe3+ 64. Kd1 Qc1+ 65.
Ke2 Qe3+ 66. Kd1 Qb3+ 67. Ke1 Qb1+ 68. Kf2 Qxa2+ 69. Be2 Bh4+ 70. Kf1 Qa1+ 71.
Kg2 Qxe5 72. Rd7 Qxe2+ 73. Kh3 Bg5 74. Kg3 b3 75. Kh3 b2 76. Rb7 Qf3+ 77. Kh2
Bf4+ 78. Kg1 Qd1+ 0-1

[Event "Aeroflot Open B 2015"]
[Site "Moscú RUS"]
[Date "2015.03.31"]
[Round "5.38"]
[White "Gadimbayli, Abdulla"]
[Black "Mamyrbay, Assad"]
[Result "1-0"]
[WhiteElo "2332"]
[BlackElo "2222"]
[PlyCount "82"]
[EventDate "2015.03.27"]
[EventType "swiss"]
[EventRounds "9"]
[EventCountry "RUS"]
[Source "lmi"]
[SourceDate "2015.03.27"]

1. e4 e5 2. Nf3 Nc6 3. Bb5 Nf6 4. O-O Nxe4 5. Re1 Nd6 6. Nxe5 Be7 7. Bf1 Nxe5
8. Rxe5 O-O 9. d4 Bf6 10. Re1 Re8 11. Bf4 Rxe1 12. Qxe1 Ne8 13. Nc3 Bxd4 14.
Nd5 d6 15. Bg5 f6 16. Be3 Be5 17. f4 Bxb2 18. Rb1 Ba3 19. Rb3 Bc5 20. Bxc5 dxc5
21. Re3 Nd6 22. Bd3 c4 23. Bxh7+ Kf7 24. Re7+ Kf8 25. Bg6 c6 26. Qb4 Qxe7 27.
Nxe7 Kxe7 28. Qe1+ Kf8 29. Qh4 Be6 30. Qh8+ Bg8 31. Bh7 Kf7 32. g4 Rc8 33. Bg6+
Kf8 34. g5 Nf7 35. Qh3 Rd8 36. Qa3+ Nd6 37. Qa5 Ke7 38. Qxa7 fxg5 39. fxg5 Rd7
40. h4 Bd5 41. h5 Kf8 1-0